UM Logo

Hybrid data-driven modeling methodology for fast and accurate transient simulation for SiC MOSFETs / (Record no. 18856)

MARC details
000 -LEADER
fixed length control field 01181nam a22002777a 4500
003 - CONTROL NUMBER IDENTIFIER
control field OSt
005 - DATE AND TIME OF LATEST TRANSACTION
control field 20251017171550.0
008 - FIXED-LENGTH DATA ELEMENTS--GENERAL INFORMATION
fixed length control field 240201b ||||| |||| 00| 0 eng d
040 ## - CATALOGING SOURCE
Transcribing agency 0
082 ## - DEWEY DECIMAL CLASSIFICATION NUMBER
Classification number DPer 621.317 Ie21 January 2022 v. 37 n. 1
100 ## - MAIN ENTRY--PERSONAL NAME
Personal name Yang, Peng.
Relator term author.
9 (RLIN) 51112
245 ## - TITLE STATEMENT
Title Hybrid data-driven modeling methodology for fast and accurate transient simulation for SiC MOSFETs /
Statement of responsibility, etc. Peng Yang, Wenlong Ming, Jun Liang, Ingo Ludtke, Steve Berry, and Konstantinos Floros.
260 ## - PUBLICATION, DISTRIBUTION, ETC. (IMPRINT)
Place of publication, distribution, etc. New York ;
Name of publisher, distributor, etc. The Institute of Electrical and Electronics Engineers, Inc. ,
Date of publication, distribution, etc. January 2022.
300 ## - PHYSICAL DESCRIPTION
Extent Volume 37, pages 440-451 :
Other physical details illustration ;
Dimensions 28 cm.
500 ## - GENERAL NOTE
General note IEEE Transactions on Power Electronics, v. 37 n. 1, pages 440-451, January 2022.
650 #0 - SUBJECT ADDED ENTRY--TOPICAL TERM
Topical term or geographic name as entry element Adaptation models.
9 (RLIN) 65847
650 #0 - SUBJECT ADDED ENTRY--TOPICAL TERM
Topical term or geographic name as entry element Silicon carbide.
9 (RLIN) 65848
650 #0 - SUBJECT ADDED ENTRY--TOPICAL TERM
Topical term or geographic name as entry element Transient analysis.
9 (RLIN) 65849
700 ## - ADDED ENTRY--PERSONAL NAME
Personal name Yang, Peng.
Relator term author.
9 (RLIN) 51112
700 ## - ADDED ENTRY--PERSONAL NAME
Personal name Ming, Wenlong.
Relator term author.
9 (RLIN) 51113
700 ## - ADDED ENTRY--PERSONAL NAME
Personal name Liang, Jun.
Relator term author.
9 (RLIN) 51114
700 ## - ADDED ENTRY--PERSONAL NAME
Personal name Ludtke, Ingo.
Relator term author.
9 (RLIN) 51115
700 ## - ADDED ENTRY--PERSONAL NAME
Personal name Berry, Steve.
Relator term author.
9 (RLIN) 51116
700 ## - ADDED ENTRY--PERSONAL NAME
Personal name Floros, Konstantinos.
Relator term author.
9 (RLIN) 51117
942 ## - ADDED ENTRY ELEMENTS (KOHA)
Source of classification or shelving scheme Dewey Decimal Classification
Koha item type Periodicals
Holdings
Withdrawn status Lost status Source of classification or shelving scheme Damaged status Not for loan Collection code Home library Current library Date acquired Total Checkouts Full call number Date last seen Price effective from Koha item type Public note
    Dewey Decimal Classification     Periodicals UM Digos College - LIC UM Digos College - LIC 02/01/2024   DPer 621.317 Ie21 January 2022 v. 37 n. 1 02/01/2024 02/01/2024 Periodicals Periodical Article